|
|
|
|
| LEADER |
00000nam0a2200000 4500 |
| 001 |
261824 |
| 005 |
20231101233610.0 |
| 035 |
|
|
|a (RuTPU)RU\TPU\book\284805
|
| 090 |
|
|
|a 261824
|
| 100 |
|
|
|a 20140527d1987 k y0rusy50 ca
|
| 101 |
0 |
|
|a rus
|
| 102 |
|
|
|a RU
|
| 105 |
|
|
|a a z 001zy
|
| 200 |
1 |
|
|a Геология и нефтегазоносность перспективных земель Красноярского края
|e сборник научных трудов
|f Западно-Сибирский научно-исследовательский геологоразведочный нефтяной институт (ЗапСибНИГНИ) ; под ред. В. Д. Накарякова
|
| 210 |
|
|
|a Тюмень
|c Изд-во ЗапСибНИГНИ
|d 1987
|
| 215 |
|
|
|a 159 с.
|c ил.
|
| 320 |
|
|
|a Библиография в конце статей
|
| 606 |
1 |
|
|a Геология
|2 stltpush
|3 (RuTPU)RU\TPU\subj\6095
|9 34054
|
| 606 |
1 |
|
|a Нефтегазоносность
|y Сибирь
|2 stltpush
|3 (RuTPU)RU\TPU\subj\72086
|9 85673
|
| 610 |
1 |
|
|a Красноярский край
|
| 610 |
1 |
|
|a рифейские отложения
|
| 610 |
1 |
|
|a нефтегазоносные комплексы
|
| 610 |
1 |
|
|a нефтегазоносные провинции
|
| 610 |
1 |
|
|a продуктивность
|
| 610 |
1 |
|
|a перспективы
|
| 610 |
1 |
|
|a геофизические методы
|
| 610 |
1 |
|
|a нефтегазонакопление
|
| 675 |
|
|
|a 55(571.51)
|v 3
|
| 675 |
|
|
|a 553.98.04(571.51)
|v 3
|
| 702 |
|
1 |
|a Накаряков
|b В. Д.
|4 340
|
| 712 |
0 |
2 |
|a Западно-Сибирский научно-исследовательский геологоразведочный нефтяной институт (ЗапСибНИГНИ)
|c (Тюмень)
|2 stltpush
|3 (RuTPU)RU\TPU\col\2064
|
| 801 |
|
1 |
|a RU
|b 63413507
|c 20140527
|
| 801 |
|
2 |
|a RU
|b 63413507
|c 20150206
|g RCR
|
| 942 |
|
|
|c BK
|